<?xml version="1.0" encoding="UTF-8"?>
<record
    xmlns:xsi="http://www.w3.org/2001/XMLSchema-instance"
    xsi:schemaLocation="http://www.loc.gov/MARC21/slim http://www.loc.gov/standards/marcxml/schema/MARC21slim.xsd"
    xmlns="http://www.loc.gov/MARC21/slim">

  <leader>03902nam a2200577Ia 4500</leader>
  <controlfield tag="001">4311</controlfield>
  <controlfield tag="008">241029s9999    xx            000 0 und d</controlfield>
  <datafield tag="010" ind1=" " ind2=" ">
    <subfield code="a">4054</subfield>
  </datafield>
  <datafield tag="041" ind1=" " ind2=" ">
    <subfield code="a">Espa&#xF1;ol</subfield>
  </datafield>
  <datafield tag="082" ind1=" " ind2=" ">
    <subfield code="a">MGC.14-0017</subfield>
  </datafield>
  <datafield tag="245" ind1=" " ind2="0">
    <subfield code="a">Nivel de rendimiento acad&#xE9;mico de los estudiantes de 3ro. de Bachiller en la asignatura de Lengua Espa&#xF1;ola  del Liceo Nocturno Pedro Antonio Bobea, Distrito Educativo 16-04, Bonao, Rep&#xFA;blica Dominicana.  A&#xF1;o Escolar 2013-2014</subfield>
  </datafield>
  <datafield tag="260" ind1=" " ind2=" ">
    <subfield code="a">Santiago</subfield>
  </datafield>
  <datafield tag="300" ind1=" " ind2=" ">
    <subfield code="a">127</subfield>
  </datafield>
  <datafield tag="520" ind1=" " ind2=" ">
    <subfield code="a">5</subfield>
  </datafield>
  <datafield tag="630" ind1=" " ind2=" ">
    <subfield code="a">Actores Educativos</subfield>
  </datafield>
  <datafield tag="630" ind1=" " ind2=" ">
    <subfield code="a">Aprendizaje</subfield>
  </datafield>
  <datafield tag="630" ind1=" " ind2=" ">
    <subfield code="a">Lenguaje y Lenguas-Ense&#xF1;anza</subfield>
  </datafield>
  <datafield tag="630" ind1=" " ind2=" ">
    <subfield code="a">Redimiento acad&#xE9;mico</subfield>
  </datafield>
  <datafield tag="650" ind1=" " ind2=" ">
    <subfield code="a">Rendimiento</subfield>
  </datafield>
  <datafield tag="690" ind1=" " ind2=" ">
    <subfield code="a">Elaborado</subfield>
  </datafield>
  <datafield tag="700" ind1=" " ind2=" ">
    <subfield code="e">asesor</subfield>
    <subfield code="a">Jimini&#xE1;n , Yanet Y</subfield>
  </datafield>
  <datafield tag="700" ind1=" " ind2=" ">
    <subfield code="e">autor</subfield>
    <subfield code="a">Padilla B&#xE1;ez, Marisol </subfield>
  </datafield>
  <datafield tag="700" ind1=" " ind2=" ">
    <subfield code="e">autor</subfield>
    <subfield code="a">Mella G&#xF3;mez, Juana </subfield>
  </datafield>
  <datafield tag="700" ind1=" " ind2=" ">
    <subfield code="e">autor</subfield>
    <subfield code="a">Peralta, &#xC3;&#x161;rsula </subfield>
  </datafield>
  <datafield tag="901" ind1=" " ind2=" ">
    <subfield code="a">{"1":"Padilla B&#xE1;ez","2":"Mella G&#xF3;mez","3":"Peralta"}</subfield>
    <subfield code="b">{"1":"Marisol ","2":"Juana ","3":"&#xC3;&#x161;rsula "}</subfield>
  </datafield>
  <datafield tag="902" ind1=" " ind2=" ">
    <subfield code="a">1</subfield>
  </datafield>
  <datafield tag="903" ind1=" " ind2=" ">
    <subfield code="a">{"1":"Jimini&#xE1;n "}</subfield>
    <subfield code="b">{"1":"Yanet Y"}</subfield>
  </datafield>
  <datafield tag="904" ind1=" " ind2=" ">
    <subfield code="a">Mag&#xED;ster en</subfield>
  </datafield>
  <datafield tag="905" ind1=" " ind2=" ">
    <subfield code="a">Gesti&#xF3;n de Centros Educativos</subfield>
  </datafield>
  <datafield tag="906" ind1=" " ind2=" ">
    <subfield code="a">2</subfield>
  </datafield>
  <datafield tag="907" ind1=" " ind2=" ">
    <subfield code="a">NO APLICA</subfield>
  </datafield>
  <datafield tag="908" ind1=" " ind2=" ">
    <subfield code="a">NO APLICA</subfield>
  </datafield>
  <datafield tag="909" ind1=" " ind2=" ">
    <subfield code="a">Universidad Abierta para Adultos (UAPA), Recinto Santiago</subfield>
  </datafield>
  <datafield tag="910" ind1=" " ind2=" ">
    <subfield code="a">NULL</subfield>
    <subfield code="b">NULL</subfield>
  </datafield>
  <datafield tag="911" ind1=" " ind2=" ">
    <subfield code="a">["1"]</subfield>
  </datafield>
  <datafield tag="912" ind1=" " ind2=" ">
    <subfield code="a">NO APLICA</subfield>
  </datafield>
  <datafield tag="913" ind1=" " ind2=" ">
    <subfield code="a">NULL</subfield>
  </datafield>
  <datafield tag="914" ind1=" " ind2=" ">
    <subfield code="a">12 de Agosto de 2014</subfield>
  </datafield>
  <datafield tag="915" ind1=" " ind2=" ">
    <subfield code="a">03/07/15 09:07</subfield>
  </datafield>
  <datafield tag="916" ind1=" " ind2=" ">
    <subfield code="a">NULL</subfield>
  </datafield>
  <datafield tag="917" ind1=" " ind2=" ">
    <subfield code="a">NULL</subfield>
  </datafield>
  <datafield tag="918" ind1=" " ind2=" ">
    <subfield code="a">NO APLICA</subfield>
  </datafield>
  <datafield tag="919" ind1=" " ind2=" ">
    <subfield code="a">["7","18","130","242"]</subfield>
  </datafield>
  <datafield tag="520" ind1=" " ind2=" ">
    <subfield code="a">La investigaci&#xF3;n propuso como objetivo general, determinar el nivel de rendimiento de los estudiantes de 3ro. de bachiller en la asignatura de Lengua Espa&#xF1;ola &#xA0;del Liceo Nocturno Pedro Antonio Bobea, Distrito Educativo 16-04, Bonao, Rep. Dom., &#xA0;a&#xF1;o escolar 2013-2014.La presente investigaci&#xF3;n se realiz&#xF3; tomando en cuenta el enfoque cuantitativo; en cuanto al dise&#xF1;o de investigaci&#xF3;n, cabe destacar que esta &#xA0;investigaci&#xF3;n fue no experimental, transeccional y descriptivo. Fue de tipo documental, de campo y descriptiva. Se utiliz&#xF3; el m&#xE9;todo deductivo y la t&#xE9;cnica del fichajeLa poblaci&#xF3;n con la que se realiz&#xF3; este trabajo de investigaci&#xF3;n correspondi&#xF3; a 54 estudiantes, que pertenecen a dos cursos de 3ro. de bachiller del Liceo Nocturno Pedro Antonio Bobea. Adem&#xE1;s de que fueron encuestados, el Director del Centro y la &#xA0;Maestra de la asignatura de Lengua Espa&#xF1;olaEn cuanto a la calificaci&#xF3;n promedio en la asignatura de Lengua Espa&#xF1;ola, se comprob&#xF3; &#xA0;que el 68% mantiene calificaciones de &#xA0; 60-79, por lo que el porcentaje de mayor cantidad de calificaciones se encuentra en un rango que se puede considerar regular o deficiente, con relaci&#xF3;n a la calidad en el rendimiento acad&#xE9;mico que busca el Sistema Educativo Dominicano.Con relaci&#xF3;n a los factores que inciden en el rendimiento de los alumnos, tanto el cuestionario aplicado y la entrevista realizada reflejaron que dentro de estos est&#xE1;n: Socioecon&#xF3;mico: por lo que el 60% trabaja, devengando salarios que en su mayor&#xED;a oscilan entre </subfield>
    <subfield code="3">,000.00 a </subfield>
    <subfield code="4">,000.00 pesos quincenal; Demogr&#xE1;ficos: ya que el 55% est&#xE1; casado, el 62 % tiene edad de 25 a&#xF1;os en adelante, viven en un 72 % lejos o muy lejos del Centro Educativo, el 68% tienen familias que dependen econ&#xF3;micamente de ellos, adem&#xE1;s de la falta de Inter&#xE9;s y motivaci&#xF3;n que muestran los estudiantes, la inasistencia injustificada, el poco tiempo que dedican al estudio independiente, ya que el 43 % dedica s&#xF3;lo media hora a sus estudios; por otra parte, la maestra tambi&#xE9;n manifest&#xF3; que la falta de energ&#xED;a el&#xE9;ctrica impide el desarrollo del cumplimiento completo de la jornada escolar.Para visualizar este estudio en su totalidad haga click aqu&#xED;</subfield>
  </datafield>
  <datafield tag="921" ind1=" " ind2=" ">
    <subfield code="a">11</subfield>
  </datafield>
  <datafield tag="922" ind1=" " ind2=" ">
    <subfield code="a">11</subfield>
  </datafield>
  <datafield tag="923" ind1=" " ind2=" ">
    <subfield code="a">0</subfield>
  </datafield>
  <datafield tag="924" ind1=" " ind2=" ">
    <subfield code="a">NO APLICA</subfield>
  </datafield>
  <datafield tag="942" ind1=" " ind2=" ">
    <subfield code="c">Tesis</subfield>
  </datafield>
  <datafield tag="999" ind1=" " ind2=" ">
    <subfield code="c">4054</subfield>
    <subfield code="d">4054</subfield>
  </datafield>
</record>
